[Event "HUN-ch U20"]
[Site "Szolnok"]
[Date "2024.04.04"]
[Round "7"]
[White "Meszaros Csonka, David"]
[Black "Li, Changxing"]
[Result "1-0"]
[WhiteElo "1941"]
[BlackElo "1755"]
[PlyCount "61"]
[EventDate "2024.03.31"]
[EventType "swiss"]
[EventRounds "9"]
[EventCountry "HUN"]
[SourceTitle "CB16_2024"]
[SourceDate "2024.04.17"]
[SourceVersion "1"]
[SourceVersionDate "2024.04.17"]
[SourceQuality "1"]

1. d4 d5 2. Bf4 Nf6 3. e3 e6 4. Nd2 c5 5. c3 Nc6 6. Ngf3 cxd4 7. exd4 Nh5 8. Be5 f6 9. Bg3 Nxg3 10. hxg3 Bd6 11. Bd3 f5 12. Qe2 Qf6 13. 0-0-0 Bd7 14. Rde1 0-0-0 15. Kb1 Kb8 16. Bb5 Rde8 17. Bxc6 Bxc6 18. Ne5 Bxe5 19. Qxe5+ Ka8 20. Qxf6 gxf6 21. Rh6 Rhf8 22. Rxh7 e5 23. Nf3 e4 24. Nh4 Bb5 25. Rh5 Bd3+ 26. Kc1 Rh8 27. Rxh8 Rxh8 28. Nxf5 Rh2 29. Nh4 a5 30. Kd2 Ka7 31. Ke3 1-0

[Event "HUN-ch U20"]
[Site "Szolnok"]
[Date "2024.04.02"]
[Round "3"]
[White "Minga Nagy, Abel Inti"]
[Black "Meszaros Csonka, David"]
[Result "1/2-1/2"]
[WhiteElo "1929"]
[BlackElo "1941"]
[PlyCount "42"]
[EventDate "2024.03.31"]
[EventType "swiss"]
[EventRounds "9"]
[EventCountry "HUN"]
[SourceTitle "CB16_2024"]
[SourceDate "2024.04.17"]
[SourceVersion "1"]
[SourceVersionDate "2024.04.17"]
[SourceQuality "1"]

1. e4 c5 2. Nf3 e6 3. d4 cxd4 4. Nxd4 Nf6 5. Nc3 Nc6 6. Nxc6 bxc6 7. e5 Nd5 8. Ne4 Qc7 9. f4 Qb6 10. Bd3 Bc5 11. Qg4 g6 12. Qf3 Ba6 13. Nxc5 Qxc5 14. Bxa6 Qa5+ 15. Bd2 Qxa6 16. b3 Qb6 17. Qf2 c5 18. 0-0 0-0 19. c4 Nb4 20. Qh4 Nc2 21. Rad1 Nd4 1/2-1/2

[Event "HUN-chT 2324"]
[Site "Hungary"]
[Date "2023.10.29"]
[Round "2.10"]
[White "Meszaros Csonka, David"]
[Black "Goczo, Melinda"]
[Result "0-1"]
[WhiteElo "1871"]
[BlackElo "2209"]
[PlyCount "72"]
[EventDate "2023.10.28"]
[EventType "team-tourn"]
[EventRounds "9"]
[EventCountry "HUN"]
[SourceTitle "Mega2024 Update 01"]
[Source "Chessbase"]
[SourceDate "2023.11.12"]
[SourceVersion "1"]
[SourceVersionDate "2023.11.12"]
[SourceQuality "1"]
[WhiteTeam "Mako Duocor"]
[BlackTeam "Biatorbagy"]
[WhiteTeamCountry "HUN"]
[BlackTeamCountry "HUN"]

1. d4 g6 2. e4 c6 3. Nc3 d5 4. exd5 cxd5 5. Bf4 Bg7 6. Nf3 a6 7. Qd2 Nc6 8. 0-0-0 Bg4 9. Be2 Bxf3 10. Bxf3 e6 11. Qe3 Nge7 12. Bg5 h6 13. Bxe7 Nxe7 14. Ne2 Qa5 15. Kb1 Nf5 16. Qb3 b5 17. Rhe1 0-0 18. Qd3 Rfc8 19. g4 Nd6 20. Nc1 Rc4 21. Nb3 Qb6 22. Rd2 a5 23. c3 b4 24. Rc1 a4 25. Na1 bxc3 26. Rxc3 Rxd4 27. Qe3 Rb8 28. Rdc2 Nc4 29. Qc1 Bf8 30. Re2 Na3+ 31. Rxa3 Bxa3 32. Rc2 Rc4 33. Rxc4 dxc4 34. Qd2 Qxb2+ 35. Qxb2 Rxb2+ 36. Kc1 Rxa2+ 0-1

[Event "Szolnok Agora op 2nd"]
[Site "Szolnok"]
[Date "2023.07.01"]
[Round "5"]
[White "Martin, Bela"]
[Black "Meszaros Csonka, David"]
[Result "1-0"]
[WhiteElo "2019"]
[BlackElo "1726"]
[PlyCount "143"]
[EventDate "2023.06.29"]
[EventType "swiss"]
[EventRounds "7"]
[EventCountry "HUN"]
[SourceTitle "EXT 2024"]
[Source "ChessBase"]
[SourceDate "2023.10.10"]
[SourceVersion "1"]
[SourceVersionDate "2023.10.10"]
[SourceQuality "1"]

1. e4 c5 2. Nf3 Nc6 3. Bc4 e6 4. 0-0 d5 5. Bb5 a6 6. Bxc6+ bxc6 7. Nc3 Nf6 8. Re1 Be7 9. d3 0-0 10. Qe2 Bb7 11. b3 a5 12. Na4 Nd7 13. c4 e5 14. Ba3 d4 15. g3 Bd6 16. Kg2 Qe7 17. Rf1 Rae8 18. Rae1 Qd8 19. Qd2 f5 20. exf5 Rxf5 21. Qe2 Qe7 22. Nd2 Nf6 23. Ne4 Nxe4 24. Qxe4 Rf7 25. f4 Qf8 26. f5 Bc8 27. g4 Kh8 28. Rf3 h6 29. Ref1 Qe7 30. Bc1 Ref8 31. Rh3 Kg8 32. Rhf3 Qh4 33. Bd2 h5 34. h3 Ra7 35. g5 Qxe4 36. dxe4 Kh7 37. g6+ Kg8 38. Kg3 Be7 39. h4 Re8 40. Bg5 Bf8 41. Bc1 Be7 42. Ba3 Rd7 43. Rd3 Ba6 44. Bxc5 Bf6 45. Bb6 Ra8 46. Nc5 Re7 47. Na4 Bc8 48. Bd8 Re8 49. Bb6 Be7 50. Bc5 Bf6 51. Ba3 Ba6 52. Bc1 Ra7 53. Bg5 Bc8 54. Rd2 Ba6 55. Nc5 Rb8 56. Kf3 Bc8 57. a3 Kf8 58. Bxf6 gxf6 59. Rb2 Ba6 60. Rfb1 Kg8 61. Ke2 Raa8 62. Nd7 Rb7 63. Nxf6+ Kg7 64. Nxh5+ Kh6 65. Nf6 a4 66. Kd3 Rab8 67. b4 Kg7 68. Ng4 Rh8 69. Rh2 Rh5 70. Nxe5 c5 71. b5 Rb8 72. Nd7 1-0

[Event "Szolnok Agora op 2nd"]
[Site "Szolnok"]
[Date "2023.06.30"]
[Round "3"]
[White "Szegedy, Matyas"]
[Black "Meszaros Csonka, David"]
[Result "1/2-1/2"]
[WhiteElo "2054"]
[BlackElo "1726"]
[PlyCount "87"]
[EventDate "2023.06.29"]
[EventType "swiss"]
[EventRounds "7"]
[EventCountry "HUN"]
[SourceTitle "EXT 2024"]
[Source "ChessBase"]
[SourceDate "2023.10.10"]
[SourceVersion "1"]
[SourceVersionDate "2023.10.10"]
[SourceQuality "1"]

1. e4 c5 2. Nf3 Nc6 3. Bb5 g6 4. Bxc6 dxc6 5. d3 Bg7 6. h3 Nf6 7. Nc3 Nd7 8. Be3 e5 9. Qd2 h6 10. 0-0 b6 11. Nh2 Nf8 12. f4 exf4 13. Rxf4 Be6 14. Kh1 g5 15. Rf2 Qc7 16. Qe2 0-0-0 17. a4 a5 18. Rd1 Ng6 19. Rff1 Kb7 20. Qf2 Be5 21. Nf3 Bg3 22. Qd2 g4 23. Ng1 Qc8 24. Nce2 Bc7 25. Nf4 Bxf4 26. Bxf4 gxh3 27. g3 h5 28. Bg5 Rdg8 29. Bf6 Rh7 30. Qf2 Bg4 31. d4 Bxd1 32. Rxd1 Qg4 33. Re1 h4 34. Re3 hxg3 35. Qxg3 Qxg3 36. Rxg3 cxd4 37. Bxd4 c5 38. Bf6 Re8 39. Rg4 Re6 40. Bc3 h2 41. Nf3 Rh8 42. Bxh8 Nxh8 43. Kxh2 Ng6 44. Kg2 1/2-1/2

[Event "Szolnok Agora op 2nd"]
[Site "Szolnok"]
[Date "2023.06.29"]
[Round "1"]
[White "Meszaros Csonka, David"]
[Black "Petnehazi, Peter"]
[Result "1-0"]
[WhiteElo "1726"]
[BlackElo "1166"]
[PlyCount "29"]
[EventDate "2023.06.29"]
[EventType "swiss"]
[EventRounds "7"]
[EventCountry "HUN"]
[SourceTitle "EXT 2024"]
[Source "ChessBase"]
[SourceDate "2023.10.10"]
[SourceVersion "1"]
[SourceVersionDate "2023.10.10"]
[SourceQuality "1"]

1. d4 d5 2. Bf4 Nf6 3. e3 c6 4. c4 e6 5. Nc3 Bd6 6. Bg3 0-0 7. Nf3 c5 8. Ne5 cxd4 9. exd4 Nc6 10. Be2 Be7 11. 0-0 Qb6 12. Na4 Qxd4 13. Nxc6 Qxd1 14. Nxe7+ Kh8 15. Rfxd1 1-0

[Event "HUN-ch U10/14"]
[Site "Buek"]
[Date "2023.06.20"]
[Round "2"]
[White "Meszaros Csonka, David"]
[Black "Morovan Szabo, Lorinc"]
[Result "1-0"]
[WhiteElo "1726"]
[BlackElo "1554"]
[PlyCount "79"]
[EventDate "2023.06.17"]
[EventType "swiss"]
[EventRounds "9"]
[EventCountry "HUN"]
[SourceTitle "CBM 215 Extra"]
[Source "ChessBase"]
[SourceDate "2023.09.30"]
[SourceVersion "1"]
[SourceVersionDate "2023.09.30"]
[SourceQuality "1"]

1. d4 d5 2. Bf4 Bf5 3. c4 e6 4. Nc3 Nf6 5. e3 Nbd7 6. Rc1 c6 7. a3 a5 8. cxd5 exd5 9. h3 Be7 10. Nf3 Rc8 11. Bd3 Ne4 12. Qc2 Ndf6 13. Nd2 Nh5 14. Bh2 Bh4 15. Ndxe4 dxe4 16. Nxe4 Bxe4 17. Bxe4 Qe7 18. 0-0 g6 19. d5 0-0 20. d6 Qd7 21. Bf3 Ng7 22. Rcd1 f5 23. Qc4+ Rf7 24. Qxh4 Ne6 25. Qc4 Rd8 26. Rfe1 Ng5 27. Be2 Rdf8 28. Qa4 f4 29. Bg4 Qd8 30. exf4 h5 31. Be2 Ne6 32. f5 b5 33. Qc2 Rxf5 34. Qb3 Qf6 35. Bf3 Kf7 36. d7 Rd8 37. Bc7 Rxf3 38. gxf3 a4 39. Qxe6+ Qxe6 40. Rxe6 1-0